|
|
|
|
| LEADER |
00000nab a2200000 a 4500 |
| 001 |
vtls000868418 |
| 003 |
SK-MaSNL |
| 005 |
20260304110115.0 |
| 008 |
250429c2003 xo 0 slo |
| 015 |
|
|
|a SNBRB2004/04-10845
|
| 035 |
|
|
|a CLN000219970
|
| 035 |
|
|
|a urn:nbn:sk:snk-aba0xr
|
| 035 |
|
|
|a (urnnbn)urn:nbn:sk:snk:ar-a0985g
|
| 035 |
|
|
|a (uuid)3688ca5f-cc71-4461-af86-c4b06a46ba6d
|
| 040 |
|
|
|a SNKBUCL
|b slo
|c SNKBUCL
|e AACR2
|
| 041 |
0 |
|
|a slo
|
| 044 |
|
|
|a xo
|c SK
|
| 080 |
|
|
|a 502.4(437.6)
|2 1997
|
| 100 |
1 |
|
|a Škorvánková, Katarína
|4 aut
|9 784979
|
| 245 |
1 |
0 |
|a Stráž prírody po novom
|c K. Škorvánková
|
| 300 |
|
|
|b Fotogr., tb.
|
| 648 |
|
7 |
|a 2003
|2 snkbucl
|9 301018
|
| 650 |
0 |
7 |
|a stráž prírody
|2 snkbucl
|9 22638
|
| 650 |
0 |
7 |
|a školenia
|2 snkbucl
|9 298130
|
| 655 |
|
7 |
|a články z novín a časopisov
|2 snkbucl
|9 267496
|
| 773 |
0 |
|
|t Chránené územia Slovenska
|g Č. 58 (2003), s. 15-16
|x 1335-1737
|
| 850 |
|
|
|a Slovenská národná knižnica
|
| 852 |
|
|
|a Slovenská národná knižnica
|
| 954 |
|
|
|a odborná, vedecká literatúra pôvodná (slovenská)
|2 lita
|
| 958 |
|
|
|a article13
|
| 958 |
|
|
|a OND
|
| 958 |
|
|
|a SK
|
| 958 |
|
|
|a EUIPO
|
| 992 |
|
|
|a RBX
|
| 999 |
|
|
|c 2858521
|d 2860451
|